000 02652nam0a2200493 4500
001 RU\NLR\BIBL_A\022027965
005 20260526063722.0
010 _a978-5-248-01066-0
_9300
021 _aRU
_bКН-П-23-049829
_9КН-П-23-5001
035 _a(NLR Aleph) 022027965
035 _a(RuMoRGB)012007624
090 _a12531454
_c12531454
100 _a20230914d2023 k y0rusy50 ca
101 0 _arus
102 _aRU
105 _aa|||z|||000zy
181 0 _ai
_baxxe
182 0 _an
200 1 _aБлижний и Постсоветский Восток: 2022 г.
_eмонография
_f[Аватков В. А., д-р полит. наук, Гузаеров Р. И., Крылов Д. С. и др.]
_gпод редакцией В. А. Аваткова
_gИнститут научной информации по общественным наукам Российской академии наук
203 _aТекст
_bвизуальный
_cнепосредственный
210 _aМосква
_cИНИОН РАН
_d2023
215 _a156 с.
_cтабл.
_d21
300 _aЗагл. обл.: Ближний и Постсоветский Восток
300 _aАвт. указаны на 157-й с.
320 _aБиблиогр.: с. 132-156 и в подстроч. примеч.
512 1 _aБлижний и Постсоветский Восток
607 _aБлижний Восток
_xПолитические процессы
_3RU\NLR\AUTH\6601599949
607 _aПостсоветские страны
_xПолитические процессы
_3RU\NLR\AUTH\661567604
675 _a32(5-011)(091)
_v4
686 1 _aФ3(53)3
686 1 _aФ3(2)3
701 1 _aАватков
_bВ. А.
_gВладимир Алексеевич
701 1 _aГузаеров
_bР. И.
701 1 _aКрылов
_bД. С.
_cканд. полит. наук
_gДанила Сергеевич
_8rus
_3RU\NLR\AUTH\770221207
_7ca
712 0 2 _aИнститут научной информации по общественным наукам
_cМосква
_3RU\NLR\AUTH\88992
_4475
856 4 _lVNP_SKP
_tVIEW
_uhttps://webservices.nlr.ru/viewer/file?name=a022027965_002.txt
_yАннотация
856 4 _lVNP_SKP
_tVIEW
_uhttps://webservices.nlr.ru/viewer/file?name=p022027965_003.jpg
_x001
_yСтраница
856 4 1 _lVNP_SKP
_tVIEW
_uhttps://webservices.nlr.ru/viewer/file?name=t022027965_001.jpg
_yОбложка
942 _cBOOK
980 4 _aVNP_SKP
980 _aNB